[Event "Dortmund Sparkassen op-A 44th"]
[Site "Dortmund"]
[Date "2016.07.13"]
[Round "5"]
[White "Wastian, Jan"]
[Black "Kuechle, Wolfgang"]
[Result "1/2-1/2"]
[WhiteElo "1877"]
[BlackElo "2030"]
[PlyCount "66"]
[EventDate "2016.07.09"]
[EventType "swiss"]
[EventRounds "9"]
[EventCountry "GER"]
[SourceTitle "CBM 173 Extra"]
[Source "ChessBase"]
[SourceDate "2016.08.29"]
[SourceVersion "1"]
[SourceVersionDate "2016.08.29"]
[SourceQuality "1"]

1. e4 d6 2. d4 Nf6 3. Nc3 e5 4. dxe5 dxe5 5. Qxd8+ Kxd8 6. Bc4 Be6 7. Bxe6 fxe6 8. f3 Nc6 9. Be3 Bd6 10. 0-0-0 Ke7 11. Nge2 a6 12. Kb1 b5 13. Nc1 Rhb8 14. Nd3 Nd7 15. f4 exf4 16. Bxf4 Bxf4 17. Nxf4 Nde5 18. Nce2 Rf8 19. Rdf1 Rad8 20. Kc1 g5 21. Nh3 h6 22. Ng3 Ng4 23. Rxf8 Rxf8 24. Kd2 Rd8+ 25. Kc1 b4 26. Ne2 Nd4 27. Kd2 Nxe2+ 28. Kxe2 Rd4 29. Kf3 Ne5+ 30. Ke3 c5 31. b3 Ng4+ 32. Kf3 Ne5+ 33. Ke3 Ng4+ 1/2-1/2

[Event "Dortmund Sparkassen op-A 44th"]
[Site "Dortmund"]
[Date "2016.07.10"]
[Round "2"]
[White "Kuechle, Wolfgang"]
[Black "Wicht, Juergen"]
[Result "1-0"]
[WhiteElo "2030"]
[BlackElo "2221"]
[PlyCount "55"]
[EventDate "2016.07.09"]
[EventType "swiss"]
[EventRounds "9"]
[EventCountry "GER"]
[SourceTitle "CBM 173 Extra"]
[Source "ChessBase"]
[SourceDate "2016.08.29"]
[SourceVersion "1"]
[SourceVersionDate "2016.08.29"]
[SourceQuality "1"]

1. c4 c6 2. Nf3 Nf6 3. Nc3 d5 4. e3 e6 5. b3 Bd6 6. Bb2 Nbd7 7. Be2 0-0 8. d4 Re8 9. 0-0 Nf8 10. Ne5 Bxe5 11. dxe5 N6d7 12. f4 f6 13. exf6 Nxf6 14. Qd3 Ng6 15. Rad1 e5 16. cxd5 exf4 17. exf4 Qb6+ 18. Qd4 cxd5 19. Qxb6 axb6 20. Bb5 Rd8 21. a4 Bf5 22. Rd2 d4 23. Ne2 d3 24. Ng3 Ne4 25. Bc4+ Kf8 26. Ba3+ Ke8 27. Nxe4 Bxe4 28. Re1 1-0

[Event "Dresden ZMD op 23rd"]
[Site "Dresden"]
[Date "2014.08.17"]
[Round "3"]
[White "Kuechle, Wolfgang"]
[Black "Hamm, Georg"]
[Result "1/2-1/2"]
[WhiteElo "2048"]
[BlackElo "2139"]
[PlyCount "120"]
[EventDate "2014.08.15"]
[EventType "swiss"]
[EventRounds "9"]
[EventCountry "GER"]
[SourceTitle "CBM 161 Extra"]
[Source "ChessBase"]
[SourceDate "2014.08.29"]
[SourceVersion "1"]
[SourceVersionDate "2014.08.29"]
[SourceQuality "1"]

1. c4 g6 2. g3 Bg7 3. Bg2 Nc6 4. e3 e5 5. Ne2 d6 6. Nbc3 Nf6 7. d3 0-0 8. 0-0 Bd7 9. Rb1 Qc8 10. Re1 Bh3 11. Bh1 Bg4 12. b4 Rb8 13. b5 Nd8 14. Qb3 Ne6 15. f3 Nc5 16. Qc2 Bd7 17. e4 Re8 18. Be3 h6 19. Rb2 Be6 20. Reb1 Nh7 21. Na4 Nxa4 22. Qxa4 f5 23. Qc2 Ra8 24. Nc3 f4 25. gxf4 exf4 26. Bxf4 Bd4+ 27. Kf1 Qd8 28. Rb3 Qf6 29. Ne2 Be5 30. Qd2 Bh3+ 31. Ke1 Ng5 32. Bxe5 dxe5 33. f4 Nf7 34. Qe3 Be6 35. Kd2 Rad8 36. Kc2 Kh7 37. Bg2 Bg4 38. fxe5 Nxe5 39. Nf4 Qh4 40. Qg3 Qxg3 41. hxg3 g5 42. Nd5 Rf8 43. R1b2 Be2 44. Kd2 Bxd3 45. Rxd3 Nxc4+ 46. Kc3 Nxb2 47. Kxb2 c6 48. bxc6 bxc6 49. Kc3 cxd5 50. exd5 Rd6 51. Kd4 Kg7 52. Ke5 Rff6 53. Rc3 Ra6 54. Be4 Kf8 55. Bf5 Ke7 56. Rc7+ Ke8 57. Be6 Rf1 58. Rh7 Re1+ 59. Kf6 Rf1+ 60. Ke5 Re1+ 1/2-1/2

[Event "Liechtenstein op 32nd"]
[Site "Triesen"]
[Date "2014.05.26"]
[Round "4"]
[White "Guenthner, Oliver"]
[Black "Kuechle, Wolfgang"]
[Result "1-0"]
[WhiteElo "2238"]
[BlackElo "2064"]
[PlyCount "79"]
[EventDate "2014.05.23"]
[EventType "swiss"]
[EventRounds "9"]
[EventCountry "LIE"]
[SourceTitle "CBM 160 Extra"]
[Source "ChessBase"]
[SourceDate "2014.07.01"]
[SourceVersion "1"]
[SourceVersionDate "2014.07.01"]
[SourceQuality "1"]

1. c4 e5 2. g3 Nf6 3. Bg2 d5 4. cxd5 Nxd5 5. Nf3 Nc6 6. d3 Bb4+ 7. Bd2 Bxd2+ 8. Nbxd2 0-0 9. 0-0 Be6 10. Ne4 Qe7 11. Rc1 f6 12. Nc5 Rab8 13. Nxe6 Qxe6 14. a3 Nde7 15. Rc3 Rfd8 16. Nd2 Nd5 17. Rc1 Nce7 18. b4 a6 19. Qb3 c6 20. Rc2 Nc7 21. Qb2 Ned5 22. Nb3 Qf7 23. Rd1 Ne6 24. Rcd2 Nb6 25. e3 Rd6 26. Qc2 Rbd8 27. h4 Nc8 28. Na5 Nb6 29. Bh3 Nd5 30. Nc4 R6d7 31. d4 exd4 32. Bxe6 Qxe6 33. Rxd4 b5 34. Nb2 Nxe3 35. Rxd7 Nxc2 36. Rxd8+ Kf7 37. h5 Ke7 38. Nd3 Ne3 39. Nf4 Qg4 40. R1d7+ 1-0

[Event "Liechtenstein op 32nd"]
[Site "Triesen"]
[Date "2014.05.24"]
[Round "2"]
[White "Paehtz, Thomas Sr"]
[Black "Kuechle, Wolfgang"]
[Result "1-0"]
[WhiteElo "2369"]
[BlackElo "2064"]
[PlyCount "63"]
[EventDate "2014.05.23"]
[EventType "swiss"]
[EventRounds "9"]
[EventCountry "LIE"]
[SourceTitle "CBM 160 Extra"]
[Source "ChessBase"]
[SourceDate "2014.07.01"]
[SourceVersion "1"]
[SourceVersionDate "2014.07.01"]
[SourceQuality "1"]

1. e4 e6 2. d4 d5 3. Nc3 Nf6 4. e5 Nfd7 5. f4 c5 6. Nf3 Nc6 7. Be3 Be7 8. Be2 cxd4 9. Nxd4 Nxd4 10. Bxd4 a6 11. 0-0 Qc7 12. Kh1 0-0 13. Qe1 b5 14. a3 Bb7 15. Rd1 g6 16. Bg4 Nc5 17. Bf3 Rfd8 18. Qe3 Rac8 19. Ne2 Rd7 20. Ng3 Ne4 21. c3 a5 22. Bb6 Qc6 23. Bxa5 Bc5 24. Qe1 Nxg3+ 25. hxg3 Qa6 26. Bb4 Bxb4 27. axb4 Qa2 28. Qf2 Ra8 29. g4 Ra6 30. Rd4 Rc7 31. Bd1 Rc4 32. f5 1-0

[Event "Wuerttemberg-ch MT"]
[Site "Lauffen am Neckar"]
[Date "2011.09.02"]
[Round "7"]
[White "Kuechle, Wolfgang"]
[Black "Hornecker, Siegfried"]
[Result "0-1"]
[WhiteElo "2071"]
[BlackElo "2014"]
[PlyCount "84"]
[EventDate "2011.08.27"]
[EventType "swiss"]
[EventRounds "9"]
[EventCountry "GER"]
[SourceTitle "EXT 2017"]
[Source "ChessBase"]
[SourceDate "2016.10.25"]
[SourceVersion "1"]
[SourceVersionDate "2016.10.25"]
[SourceQuality "1"]

1. c4 e5 2. g3 f5 3. d4 Nc6 4. Nf3 e4 5. Nh4 d5 6. e3 Nf6 7. Bd2 Be6 8. Qb3 Qd7 9. Ng2 dxc4 10. Bxc4 Bxc4 11. Qxc4 Nd5 12. a3 a5 13. 0-0 h5 14. f3 Nce7 15. fxe4 fxe4 16. Nc3 Nf6 17. Rac1 c6 18. Nf4 h4 19. gxh4 Rxh4 20. Ng2 Rg4 21. Be1 Nf5 22. Rxf5 Qxf5 23. Bg3 Nd5 24. Rf1 Qe6 25. Nxd5 Qxd5 26. Qe2 Qd7 27. Bh4 g5 28. Qf2 0-0-0 29. Bg3 Bd6 30. Bxd6 Qxd6 31. Qf5+ Qd7 32. Qxa5 Qe6 33. Qa8+ Kc7 34. Qa5+ Kd7 35. Qb6 Kc8 36. Qa5 Qd5 37. Qa8+ Kc7 38. Qa4 Rh8 39. Qb4 Qe6 40. Qa5+ Kd7 41. Qb6 Rxg2+ 42. Kxg2 Qh3+ 0-1

[Event "Wuerttemberg-ch MT"]
[Site "Lauffen am Neckar"]
[Date "2011.08.31"]
[Round "5"]
[White "Kuechle, Wolfgang"]
[Black "Weigand, Bernhard"]
[Result "0-1"]
[WhiteElo "2071"]
[BlackElo "2292"]
[PlyCount "150"]
[EventDate "2011.08.27"]
[EventType "swiss"]
[EventRounds "9"]
[EventCountry "GER"]
[SourceTitle "EXT 2017"]
[Source "ChessBase"]
[SourceDate "2016.10.25"]
[SourceVersion "1"]
[SourceVersionDate "2016.10.25"]
[SourceQuality "1"]

1. c4 e6 2. g3 f5 3. Bg2 Nf6 4. b3 Be7 5. e3 0-0 6. Ne2 d5 7. d4 c6 8. 0-0 Na6 9. Nd2 Nc7 10. Nf3 Ne4 11. Ne5 Bf6 12. Ba3 Re8 13. Qc2 Nd6 14. Rac1 Nf7 15. f4 Nxe5 16. dxe5 Be7 17. Qb2 a5 18. Bxe7 Qxe7 19. c5 Bd7 20. Nd4 Reb8 21. Rf2 Nb5 22. Bf1 Nxd4 23. Qxd4 Qd8 24. Bd3 b6 25. Rb2 bxc5 26. Qxc5 Qb6 27. Kf2 Qxc5 28. Rxc5 a4 29. Ke1 axb3 30. axb3 Ra1+ 31. Bb1 Ra3 32. Bc2 h6 33. Kd2 g5 34. Rb1 Kf7 35. Kc3 Ke7 36. Kb2 Rba8 37. Rd1 Ra2+ 38. Kc3 Ra1 39. Bb1 R8a2 40. Bxa2 Rxd1 41. Ra5 Rh1 42. h4 gxh4 43. gxh4 Rxh4 44. b4 Rh1 45. Bb3 h5 46. Ba4 Ra1 47. Kb2 Re1 48. Ra7 Kd8 49. Ra8+ Kc7 50. Rh8 Rxe3 51. Rxh5 Re4 52. Kb3 Kb6 53. Rh4 Re3+ 54. Kb2 Rf3 55. Bd1 Rf1 56. Bc2 Rf2 57. Kc3 Bc8 58. Rh8 Ba6 59. Re8 d4+ 60. Kxd4 Rxc2 61. Rxe6 Rc4+ 62. Ke3 Rxb4 63. Rf6 Re4+ 64. Kf3 Be2+ 65. Kg3 Bg4 66. Rg6 Kb5 67. Kh4 Rxf4 68. Kg5 Re4 69. Kf6 c5 70. Rg8 c4 71. e6 c3 72. Rb8+ Kc4 73. e7 Bh5 74. Rh8 c2 75. Rc8+ Kd3 0-1

[Event "Wuerttemberg-ch MT"]
[Site "Lauffen am Neckar"]
[Date "2011.08.28"]
[Round "2"]
[White "Kuechle, Wolfgang"]
[Black "Engelhart, Achim"]
[Result "0-1"]
[WhiteElo "2071"]
[BlackElo "2134"]
[PlyCount "42"]
[EventDate "2011.08.27"]
[EventType "swiss"]
[EventRounds "9"]
[EventCountry "GER"]
[SourceTitle "EXT 2017"]
[Source "ChessBase"]
[SourceDate "2016.10.25"]
[SourceVersion "1"]
[SourceVersionDate "2016.10.25"]
[SourceQuality "1"]

1. c4 c5 2. g3 g6 3. Bg2 Bg7 4. e3 Nc6 5. Ne2 e5 6. Nbc3 Nge7 7. 0-0 0-0 8. b3 d6 9. Bb2 Be6 10. Ne4 f5 11. Ng5 Bd7 12. d4 h6 13. Nh3 f4 14. exf4 Qc8 15. fxe5 dxe5 16. dxe5 Bxh3 17. f4 Bxg2 18. Kxg2 Rd8 19. Qc2 Qf5 20. Rac1 Nb4 21. Qb1 Rd2 0-1

[Event "Wuerttemberg-ch KT"]
[Site "Stuttgart"]
[Date "2010.09.02"]
[Round "6"]
[White "Keller, Joachim"]
[Black "Kuechle, Wolfgang"]
[Result "0-1"]
[WhiteElo "1839"]
[BlackElo "2066"]
[PlyCount "28"]
[EventDate "2010.08.28"]
[EventType "swiss"]
[EventRounds "9"]
[EventCountry "GER"]
[SourceTitle "EXT 2017"]
[Source "ChessBase"]
[SourceDate "2016.10.25"]
[SourceVersion "1"]
[SourceVersionDate "2016.10.25"]
[SourceQuality "1"]

1. d4 f5 2. c4 Nf6 3. Nc3 d6 4. Nf3 g6 5. Bg5 Nbd7 6. d5 Bg7 7. Qd2 Nc5 8. Bh6 Nce4 9. Qc1 Bxh6 10. Qxh6 Nxf2 11. Rg1 e5 12. h3 N2e4 13. g4 Qe7 14. Nh4 Ng8 0-1

[Event "Wuerttemberg-ch KT"]
[Site "Stuttgart"]
[Date "2010.08.29"]
[Round "2"]
[White "Hamm, Lukas"]
[Black "Kuechle, Wolfgang"]
[Result "1/2-1/2"]
[WhiteElo "1777"]
[BlackElo "2066"]
[PlyCount "32"]
[EventDate "2010.08.28"]
[EventType "swiss"]
[EventRounds "9"]
[EventCountry "GER"]
[SourceTitle "EXT 2017"]
[Source "ChessBase"]
[SourceDate "2016.10.25"]
[SourceVersion "1"]
[SourceVersionDate "2016.10.25"]
[SourceQuality "1"]

1. e4 e6 2. d4 d5 3. Nc3 Nf6 4. Bg5 dxe4 5. Nxe4 Be7 6. Bxf6 Bxf6 7. Nf3 0-0 8. Qd2 Nd7 9. 0-0-0 Be7 10. Bd3 b6 11. Qf4 Bb7 12. h4 Nf6 13. c3 Bxe4 14. Bxe4 Bd6 15. Qe3 Nxe4 16. Qxe4 Qf6 1/2-1/2

[Event "Wuerttemberg-ch KT"]
[Site "Stuttgart"]
[Date "2010.08.28"]
[Round "1"]
[White "Kuechle, Wolfgang"]
[Black "Schmidt, Martin5555"]
[Result "1/2-1/2"]
[WhiteElo "2066"]
[BlackElo "1881"]
[PlyCount "59"]
[EventDate "2010.08.28"]
[EventType "swiss"]
[EventRounds "9"]
[EventCountry "GER"]
[SourceTitle "EXT 2017"]
[Source "ChessBase"]
[SourceDate "2016.10.25"]
[SourceVersion "1"]
[SourceVersionDate "2016.10.25"]
[SourceQuality "1"]

1. c4 e5 2. g3 f5 3. Bg2 Nf6 4. Nc3 Bc5 5. e3 Nc6 6. a3 d6 7. Nge2 e4 8. d4 exd3 9. Nf4 0-0 10. Qxd3 Ne5 11. Qe2 a5 12. b3 c6 13. h4 Re8 14. 0-0 Nfg4 15. Na4 Ba7 16. Qc2 Qe7 17. b4 g5 18. hxg5 Qxg5 19. c5 Qh6 20. Rd1 Qh2+ 21. Kf1 b6 22. Rxd6 Ba6+ 23. Ke1 Qg1+ 24. Kd2 Nc4+ 25. Kc3 Nxd6 26. cxd6 Bb5 27. Qa2+ Kg7 28. Nh5+ Kg6 29. Nf4+ Kg7 30. Nh5+ 1/2-1/2

[Event "IECG CM.2000.0.00108"]
[Site "IECG email"]
[Date "2000.??.??"]
[Round "?"]
[White "Kuechle, Wolfgang"]
[Black "Schulze, Michael"]
[Result "1/2-1/2"]
[WhiteElo "2106"]
[BlackElo "2408"]
[PlyCount "112"]
[EventDate "2000.06.06"]
[EventType "tourn (corr)"]
[EventRounds "6"]
[SourceTitle "Corr 2008"]
[Source "ChessBase"]
[SourceDate "2008.06.24"]
[SourceVersion "1"]
[SourceVersionDate "2008.06.24"]
[SourceQuality "1"]

1. c4 g6 2. e4 Bg7 3. d4 d6 4. Nc3 Nf6 5. f3 0-0 6. Bg5 c5 7. d5 e6 8. Qd2 exd5 9. cxd5 Bd7 10. Bd3 Na6 11. Nge2 Rb8 12. 0-0 b5 13. a3 Re8 14. Be3 Qe7 15. Rfb1 c4 16. Bc2 Nc5 17. b4 cxb3 18. Bxb3 a6 19. Bd4 Rec8 20. Bd1 Rb7 21. Rb2 Ne8 22. Bc2 Qh4 23. g3 Qd8 24. Rab1 Bxd4+ 25. Nxd4 Qa5 26. Ra1 Na4 27. Bxa4 Rxc3 28. Kg2 Rbc7 29. Bd1 Qb6 30. a4 R3c4 31. Ne2 Nf6 32. axb5 Bxb5 33. Bb3 R4c5 34. Nd4 Rb7 35. Rab1 Qc7 36. Ba4 Qe7 37. Bxb5 axb5 38. Qd3 Nd7 39. Nc6 Qe8 40. Rxb5 Rbxb5 41. Rxb5 Ne5 42. Qb1 Nxc6 43. Rxc5 dxc5 44. Qb5 Qb8 45. Qxc6 Qb2+ 46. Kh3 Qc3 47. f4 Qf3 48. Qxc5 Qh5+ 49. Kg2 Qe2+ 50. Qf2 Qxe4+ 51. Qf3 Qc2+ 52. Kh3 h5 53. f5 g5 54. g4 hxg4+ 55. Kxg4 f6 56. Qe3 Kf8 1/2-1/2